000 00295nam a22001337a 4500
008 170724b xxu||||| |||| 00| 0 eng d
020 _a9780619268084
041 _aeng
080 _22ND
_a004
100 _a29
101 _aSHK
245 _aMICROSOFT OFFICE 2003
_cSHAFFER,A
942 _2udc
_cBK
999 _c21795
_d21795